3D printing : (Record no. 51678)
[ view plain ]
| 000 -LEADER | |
|---|---|
| fixed length control field | 00743nam a2200253Ia 4500 |
| 005 - DATE AND TIME OF LATEST TRANSACTION | |
| control field | 20260429111953.0 |
| 008 - FIXED-LENGTH DATA ELEMENTS--GENERAL INFORMATION | |
| fixed length control field | 260429s9999||||xx |||||||||||||| ||und|| |
| 020 ## - INTERNATIONAL STANDARD BOOK NUMBER | |
| International Standard Book Number | 9783111080611 |
| 041 ## - LANGUAGE CODE | |
| Language | English |
| 082 ## - DEWEY DECIMAL CLASSIFICATION NUMBER | |
| Classification number | 006.693 |
| Item number | SIN |
| 100 ## - MAIN ENTRY--PERSONAL NAME | |
| Personal name | Singh, Rupinder |
| 245 #0 - TITLE STATEMENT | |
| Title | 3D printing : |
| Remainder of title | polymer, metal and gel based additive manufacturing / |
| Statement of responsibility, etc | Rupinder Singh |
| 260 ## - PUBLICATION, DISTRIBUTION, ETC. (IMPRINT) | |
| Place of publication, distribution, etc | Germany : |
| Name of publisher, distributor, etc | De Gruyter, |
| Date of publication, distribution, etc | 2024. |
| 300 ## - PHYSICAL DESCRIPTION | |
| Extent | vi, 231 p.; hb |
| 440 ## - SERIES STATEMENT/ADDED ENTRY--TITLE | |
| Title | Advanced mechanical engineering; v.10 |
| 650 ## - SUBJECT ADDED ENTRY--TOPICAL TERM | |
| Topical term or geographic name as entry element | 3D printing |
| 650 ## - SUBJECT ADDED ENTRY--TOPICAL TERM | |
| Topical term or geographic name as entry element | Computer graphics |
| 650 ## - SUBJECT ADDED ENTRY--TOPICAL TERM | |
| Topical term or geographic name as entry element | Three dimensional graphics |
| 650 ## - SUBJECT ADDED ENTRY--TOPICAL TERM | |
| Topical term or geographic name as entry element | Computer science |
| 700 ## - ADDED ENTRY--PERSONAL NAME | |
| Personal name | Davim, J. Paulo |
| 700 ## - ADDED ENTRY--PERSONAL NAME | |
| Personal name | Kumar, Ranvijay |
| 700 ## - ADDED ENTRY--PERSONAL NAME | |
| Personal name | Kumar, Vinay |
| 942 ## - ADDED ENTRY ELEMENTS (KOHA) | |
| Koha item type | Text Books |
| Withdrawn status | Lost status | Damaged status | Not for loan | Collection code | Home library | Location | Shelving location | Date of Cataloging | Source of acquisition | Total Checkouts | Full call number | Barcode | Date last seen | Price effective from | Koha item type |
|---|---|---|---|---|---|---|---|---|---|---|---|---|---|---|---|
| Non-fiction | CUTN Central Library | CUTN Central Library | Generalia | 29/04/2026 | Feel Books, Chennai - Invoice No. BRL/CRB/25-26/568 on 13-02-2026 | 006.693 SIN | 56706 | 29/04/2026 | 29/04/2026 | Text Books |
